Sport-Quiz: Amtierender Weltmeister im ... (Ende 2022) - Statistiken

Allgemein
  • Dieses Quiz wurde 625 mal gespielt
  • Das Durchschnittsergebnis liegt bei 44 aus 53
Antwortstatistiken
Sportart/Disziplin Antwort % Korrekt
Fußball – Frauen Vereinigte Staaten
98%
Basketball – Frauen Vereinigte Staaten
98%
Wasserball – Frauen Vereinigte Staaten
98%
Leichtathletik: 4 x 100m-Staffel – Frauen Vereinigte Staaten
98%
Leichtathletik: 4 x 400m-Staffel – Männer Vereinigte Staaten
98%
Leichtathletik: 4 x 400m-Staffel – Frauen Vereinigte Staaten
98%
Schwimmen: 4 x 100m Freistil-Staffel – Männer Vereinigte Staaten
98%
Schwimmen: 4 x 100m Lagen-Staffel – Frauen Vereinigte Staaten
98%
Zweierbob – Frauen Vereinigte Staaten
98%
Fußball – Männer Argentinien
97%
Vielseitigkeitsreiten Deutschland
97%
Skispringen (Team) – Männer Deutschland
97%
Viererbob – Männer Deutschland
97%
Zweierbob – Männer Deutschland
97%
Skeleton (Mixed) Deutschland
97%
Rodeln (Doppelsitzer) – Männer Deutschland
97%
Rodeln (Doppelsitzer) – Frauen Deutschland
97%
Tischtennis (Team) – Männer China
91%
Tischtennis (Team) – Frauen China
91%
Badminton (Doppel) – Frauen China
91%
Handball – Frauen Norwegen
88%
Beachvolleyball – Männer Norwegen
88%
Biathlon (Staffel) – Männer Norwegen
88%
Biathlon (Staffel) – Frauen Norwegen
88%
Skilanglauf (Staffel) – Männer Norwegen
88%
Skilanglauf (Staffel) – Frauen Norwegen
88%
Nord. Kombination (Team) – Männer Norwegen
88%
Basketball – Männer Spanien
87%
Wasserball – Männer Spanien
87%
Tennis – Männer (Davis Cup) Kanada
86%
Leichtathletik: 4 x 100m-Staffel – Männer Kanada
86%
Eishockey – Frauen Kanada
86%
Handball – Männer Dänemark
81%
Dressurreiten Dänemark
81%
Springreiten Schweden
81%
Curling – Männer Schweden
81%
Hockey – Frauen Niederlande
78%
Eisschnelllauf (Teamwettbewerb) – Männer Niederlande
78%
Eisschnelllauf (Teamwettbewerb) – Frauen Niederlande
78%
Eishockey – Männer Finnland
75%
Beachvolleyball – Frauen Brasilien
74%
Rudern: Achter – Männer Großbritannien
74%
Volleyball – Männer Italien
72%
Schwimmen: 4 x 100m Lagen-Staffel – Männer Italien
72%
Skispringen (Team) – Frauen Österreich
69%
Rodeln (Teamstaffel) Österreich
69%
Schwimmen: 4 x 100m Freistil-Staffel – Frauen Australien
66%
Tennis – Frauen (Billie Jean King Cup) Schweiz
61%
Curling – Frauen Schweiz
61%
Hockey – Männer Belgien
60%
Volleyball – Frauen Serbien
44%
Badminton (Doppel) – Männer Malaysia
11%
Rudern: Achter – Frauen Rumänien
10%
Keine übereinstimmenden Quizze gefunden
Verteilung der Resultate
Anzahl Personen mit jedem Resultat
Perzentil nach korrekt beantworteten Fragen
Ihre Resultats-Entwicklung
Sie haben dieses Quiz noch nicht gespielt